| 000 | 00620 a2200169 4500 | ||
|---|---|---|---|
| 020 | _a0316016411 | ||
| 020 | _a9780316016414 | ||
| 082 | _a530.12 | ||
| 090 |
_c1132 _d1132 |
||
| 100 | 1 | _aSusskind, Leonard. | |
| 245 | 1 | 4 |
_aThe black hole war : _bmy battle with stephen hawking to make the world safe for quantum mechanics / _cLeonard Susskind. |
| 260 |
_a[S.l.] : _bBack Bay Books, _c2008. |
||
| 300 |
_a480 p. ; _c21 cm. |
||
| 700 | _aSusskind, Leonard. | ||
| 942 |
_aSNS _cBK _k530.12 SUS |
||
| 999 |
_c29746 _d29746 |
||